000 00307nam a2200109Ia 4500
008 171211s9999 xx 000 0 und d
245 _aComplex Sentences in Grammar and Discourse
245 _cJoan L. Bybee
260 _c2002
650 _xCULTURE
856 _uhttp://down.ebook777.com/061/9781588111173.pdf
999 _c347879
_d347879